000 01068nam a22003374a 4500
001 56557
005 20230410143403.0
008 010907s2001 nq b 000 0 spa
010 _a 2001446527
035 _a(OCoLC)ocm48117238
040 _aDLC
_cDLC
020 _a9992400870
020 _a9789992400876
035 _a(OCoLC)48117238
042 _apcc
043 _ancnq---
_an-us---
050 1 4 _aF1526.3
_b.S464r 2001
049 _aGRAL
100 1 _aSelser, Gregorio.
245 1 3 _aLa restauración conservadora y la gesta de Benjamín Zeledón :
_bNicaragua-USA, 1909-1916 /
_cGregorio Selser.
260 _a[Managua?] :
_bAldiláa Editor,
_c[2001]
300 _a454 p. ;
_c24 cm.
504 _aIncludes bibliographical references.
651 0 _aNicaragua
_xPolitics and government
_y1909-1937.
600 1 0 _aZeledón, Benjamín F.
_q(Benjamín Francisco),
_d1879-1912.
651 0 _aNicaragua
_xRelations
_zUnited States.
651 0 _aUnited States
_xRelations
_zNicaragua.
942 _2lcc
_cbk
994 _aC0
_bDRFGD
946 _aLspaulino
999 _c100738
_d100738